LEADER 03027nam 22004213 450 001 9910473535903321 005 20210901203425.0 010 $a1-003-15160-4 010 $a87-7022-291-6 035 $a(CKB)4100000011704728 035 $a(MiAaPQ)EBC6451405 035 $a(MiAaPQ)EBC3239074 035 $a(Au-PeEL)EBL6451405 035 $a(OCoLC)1229928544 035 $a(EXLCZ)994100000011704728 100 $a20210901d2011 uy 0 101 0 $aeng 135 $aurcnu|||||||| 181 $ctxt$2rdacontent 182 $cc$2rdamedia 183 $acr$2rdacarrier 200 10$aThermodynamics Made Simple for Energy Engineers 210 1$aMilton :$cRiver Publishers,$d2011. 210 4$dİ2011. 215 $a1 online resource (363 pages) 311 $a1-4398-5201-4 327 $aCover -- Half Title -- Title Page -- Copyright Page -- Dedication -- Table of Contents -- Preface -- Chapter 1-Introduction to Energy, Heat and Thermodynamics Units, concepts, terms, principles, laws and equations pertaining to energy and thermodynamics. Heat and energy conversion. Types of specific heat, energy transformation and associated case study -- Chapter 2-Thermodynamics and Power Concepts of power and power conversion. Steam to wire power and energy transformation, and associated case study -- Chapter 3-Study of Enthalpy and Entropy Enthalpy, entropy and associated case study -- Chapter 4-Understanding Mollier Diagram Mollier diagram -- the enthalpy-entropy graph, its use and application -- Chapter 5-Saturated and Superheated Steam Tables Understanding of saturated and superheated steam tables -- applications, thereof, and associated case study -- Chapter 6-Phases of Water and Associated Thermodynamics Phases and critical properties of substances, with emphasis on water, vapor and steam -- Chapter 7-Laws of Thermodynamics Laws of thermodynamics, associated formulas, applications and associated case study -- Chapter 8-Thermodynamic ProcessesThermodynamic processes, heat engine cycles, steam turbines, temperature-enthalpy diagrams, pressure-enthalpy diagrams, pressure-volume diagrams, temperature-entropy diagrams, practical examples and associated case study. -- Chapter 9-Gas Dynamics High velocity gas flow and thermodynamics -- Chapter 10-Psychrometry and Psychrometric Analysis Psychrometry and psychrometric chart based HVAC analysis and associated case study -- Chapter 11-Refrigeration Cycles and HVAC Systems Automated HVAC Systems, refrigeration cycle and associated case study -- Appendix A Solutions for end of chapter self-assessment problems -- Appendix B Steam tables -- Appendix C Common units and unit conversion factors. 327 $aAppendix D Common symbols -- Index. 608 $aElectronic books. 676 $a621.402/1 700 $aRauf$b S. Bobby$0853809 801 0$bMiAaPQ 801 1$bMiAaPQ 801 2$bMiAaPQ 906 $aBOOK 912 $a9910473535903321 996 $aThermodynamics Made Simple for Energy Engineers$91906396 997 $aUNINA